00705nam a2200157 a 4500008004100000020001500041041000800056100002000064245004500084250006700129260003200196300001100228500007700239505021600316655001500532190917e2001 sp |||g |||| 001 0 spa d a8408038273 aspa1 aSwift, Jonathan 4aLos viajes de Gulliver /cJonathan Swift a1a ed.bTexto, introducción y notas de Pedro Guardia Massó aBarcelona:bPlaneta;c2001. a271 p. aSwift, J. (2001). Los viajes de Gulliver. (1a ed.). Barcelona : Planeta. aEl autor nos relata su historia, la de su familia y su temprana inclinación a viajar. Naufraga y salva su vida a nado. Llega a la costa del país de Lilliput sano y salvo. Es capturado y llevado al interior.  aLiteratura